000 01277nam0a2200361 4500
001 RU\NLR\bibl\977770
005 20260408180206.0
010 _a5-9724-0010-3
_9500
021 _aRU
_b2006-43272
_92163
035 _a(NLR Aleph) 000965690
035 _a(nilc)EL/0000068784
090 _a367523
_c367523
100 _a20060609d2005 k y0rusy50 ca
101 0 _arus
102 _aRU
105 _ay |||||||||
200 1 _aДиалектика общественных потребностей
_e[(история, методология, теория)]
_fТ. Я. Сильвестрова
210 _aЧебоксары
_c[Издатель Шипилевский В.С.]
_d2005
215 _a261 с.
_d20
320 _aБиблиогр. : с.251-260 (194 назв.).
606 _aПотребности (социол.)
_3RU\NLR\auth\66886284
_91939642
686 _a60.02,51
_vLBC/RL
_2rubbk
686 _aЮ217.7
686 _aЮ707.5
686 _aЮ937.232
686 _aС550.35
700 1 _aСильвестрова
_bТ. Я.
_gТамара Яковлевна
_4070
801 0 _aRU
_bНБР Чувашия
_c20060609
_grcr
801 1 _aRU
_bНБР Чувашия
_c20060609
801 2 _aRU
_bNLR
_c20060824
_grcr
942 _cBOOK
980 _aNB